Statistics for Premier League Managers 2015/16

Click here to take the quiz!

General Stats

  • This quiz has been taken 34 times
  • The average score is 20 of 27

Answer Stats

Premier League Managers 2015/16Answer% Correct
ArsenalArsene Wenger
100%
Chelsea (-until December 2015)Jose Mourinho
100%
Manchester UnitedLouis Van Gaal
100%
LiverpoolJurgen Klopp
97%
Leicester CityClaudio Ranieri
94%
ChelseaGuus Hiddink
90%
Liverpool (-until October 2015)Brendan Rodgers
87%
EvertonRoberto Martinez
87%
Crystal PalaceAlan Pardew
84%
Tottenham HotspurMauricio Pochettino
84%
SouthamptonRonald Koeman
84%
SunderlandSam Allardyce
84%
Newcastle UnitedRafael Benitez
81%
AFC BournemouthEddie Howe
77%
Stoke CityMark Hughes
74%
West Ham UnitedSlaven Bilić
74%
Newcastle United (-until March 2016)Steve McClaren
74%
Aston Villa (-until October 2015)Tim Sherwood
74%
Swansea City (-until December 2015)Garry Monk
71%
Aston VillaRemi Garde
71%
West Bromwich AlbionTony Pulis
71%
Manchester CityManuel Pellegrini
58%
Norwich CityAlex Neil
52%
WatfordQuique Flores
52%
Sunderland (-until October 2015)Dick Advocaat
45%
Swansea CityFrancesco Guidolin
35%
Swansea City (Caretaker January 2016)Alan Curtis
26%

Score Distribution

Percentile by Number Answered

Percent of People with Each Score

Your Score History

You have not taken this quiz